Cold Gas Clouds and Rotational Asymmetry in the Galactic Halos / (Record no. 525928)
[ view plain ]
| 000 -LEADER | |
|---|---|
| fixed length control field | 00634nam a22002057a 4500 |
| 003 - CONTROL NUMBER IDENTIFIER | |
| control field | NUST |
| 005 - DATE AND TIME OF LATEST TRANSACTION | |
| control field | 20230117142200.0 |
| 008 - FIXED-LENGTH DATA ELEMENTS--GENERAL INFORMATION | |
| fixed length control field | 190705b ||||| |||| 00| 0 eng d |
| 038 ## - RECORD CONTENT LICENSOR | |
| Staff Name | Mr. Zahoor |
| 082 ## - DEWEY DECIMAL CLASSIFICATION NUMBER | |
| Classification number | 530 |
| 100 ## - MAIN ENTRY--PERSONAL NAME | |
| Personal name | Tahir, Noraize |
| 9 (RLIN) | 16878 |
| 245 ## - TITLE STATEMENT | |
| Title | Cold Gas Clouds and Rotational Asymmetry in the Galactic Halos / |
| Statement of responsibility, etc. | Noraize Tahir |
| 260 ## - PUBLICATION, DISTRIBUTION, ETC. | |
| Place of publication, distribution, etc. | Islambad : |
| Name of publisher, distributor, etc. | SNS - NUST, |
| Date of publication, distribution, etc. | 2019. |
| 300 ## - PHYSICAL DESCRIPTION | |
| Extent | xiii, 66 p. :ill. ; |
| Dimensions | 30cm. |
| 500 ## - GENERAL NOTE | |
| General note | Hardcover. |
| 650 ## - SUBJECT ADDED ENTRY--TOPICAL TERM | |
| Topical term or geographic name entry element | Physics - MS Thesis |
| 9 (RLIN) | 16163 |
| 700 ## - ADDED ENTRY--PERSONAL NAME | |
| Personal name | Prof. Asghar Qadir |
| 9 (RLIN) | 16164 |
| 856 ## - ELECTRONIC LOCATION AND ACCESS | |
| Uniform Resource Identifier | <a href="http://10.250.8.41:8080/xmlui/handle/123456789/4289">http://10.250.8.41:8080/xmlui/handle/123456789/4289</a> |
| 942 ## - ADDED ENTRY ELEMENTS (KOHA) | |
| Source of classification or shelving scheme | |
| Koha item type | Thesis |
| Withdrawn status | Lost status | Source of classification or shelving scheme | Damaged status | Not for loan | Permanent Location | Current Location | Date acquired | Total Checkouts | Full call number | Barcode | Date last seen | Price effective from | Koha item type |
|---|---|---|---|---|---|---|---|---|---|---|---|---|---|
| Central Library (CL) | Central Library (CL) | 07/05/2019 | 530 | CL-T-2041 | 07/07/2019 | 07/05/2019 | Thesis |
